00233nam a2200097Ia 4500001000800000005001700008008004100025020001800066245003200084260001900116126854520260417145252.0260417s9999 xx 000 0 und d a9786256910089 0aAra GülercBeliz Yüksel bKetebe Çocuk